00679nam a22002057a 4500003000500000005001700005008004100022010001000063011001000073035001000083040000900093100001900102245009000121260004300211300001000254650005700264650005300321650004400374710005500418CHAP20220329134520.0971013s1984 r 00010 d a21471 a22443 a26538 cCHAP00aClausen, A. W. aPopulation growth and economic and social developmentb: National Leaders' Seminar... aWashington :bThe World Bank,c(1984?) a36 p.14aPaíses subdesarrolladosxCondiciones económicas.14aPaíses subdesarrolladosxCondiciones sociales.14aPoblaciónxPaíses subdesarrollados.0 aBanco Internacional de Reconstrucción y Fomento.